[Event "7th Calgary International"]
[Site "Calgary"]
[Date "2014.11.11"]
[Round "9.3"]
[White "Haessel, Dale"]
[Black "Arruebarrena, Rafael"]
[Result "0-1"]
[WhiteElo "2155"]
[BlackElo "2268"]
[PlyCount "138"]
[EventDate "2014.11.06"]
[EventType "tourn"]
[EventRounds "9"]
[EventCountry "CAN"]
[WhiteClock "0:04:11"]
[BlackClock "0:07:41"]

1. d4 Nf6 2. c4 g6 3. Nf3 Bg7 4. g3 d5 5. cxd5 Nxd5 6. Bg2 Nb6 7. Nc3 O-O 8.
O-O Nc6 9. Bf4 Nxd4 10. Nxd4 e5 11. Nc6 Qxd1 12. Ne7+ Kh8 13. Rfxd1 exf4 14.
Nxc8 Raxc8 15. Bxb7 Rb8 16. Ba6 fxg3 17. hxg3 Rfd8 18. Rac1 c6 19. b3 Rxd1+ 20.
Nxd1 Nd5 21. Bc4 Rd8 22. Bxd5 Rxd5 23. Ne3 Rd6 24. Nc4 Re6 25. e3 Bf8 26. Na5
c5 27. Nb7 Rc6 28. Rc2 Kg7 29. Kf1 Rc7 30. Na5 Rd7 31. Ke2 h5 32. Rc4 g5 33.
Nc6 Rc7 34. Nd4 Rb7 35. Nc6 Rc7 36. Nd4 Rb7 37. Nf5+ Kf6 38. e4 Rb4 39. Ke3
Rxc4 40. bxc4 Be7 41. f4 Bd8 42. a4 Ba5 43. Kf3 gxf4 44. gxf4 Be1 45. Ne3 Ke6
46. Nd5 f5 47. e5 h4 48. Nf6 h3 49. Nh5 Kf7 50. Ng3 h2 51. Nh1 Ke6 52. Ke2 Bc3
53. Ng3 a5 54. Ke3 Bd4+ 55. Kf3 Bxe5 56. fxe5 Kxe5 57. Kg2 f4 58. Nf1 Kd4 59.
Nxh2 Kxc4 60. Kf3 Kb3 61. Kxf4 Kxa4 62. Ke3 Kb3 63. Kd2 Kb2 64. Nf3 c4 65. Nd4
c3+ 66. Kd3 a4 67. Nc2 a3 68. Na1 Kxa1 69. Kc2 Ka2 0-1

[Event "7th Calgary International"]
[Site "Calgary"]
[Date "2014.11.11"]
[Round "9.4"]
[White "Sevillano, Enrico"]
[Black "Pechenkin, Vladimir"]
[Result "1/2-1/2"]
[WhiteElo "2456"]
[BlackElo "2332"]
[PlyCount "93"]
[EventDate "2014.11.06"]
[EventType "tourn"]
[EventRounds "9"]
[EventCountry "CAN"]

1. e4 e6 2. d4 d5 3. e5 c5 4. c3 Nc6 5. Nf3 Bd7 6. Bd3 Rc8 7. dxc5 Bxc5 8. O-O
Nge7 9. Nbd2 Ng6 10. Qe1 Qc7 11. Bxg6 fxg6 12. Nb3 Bb6 13. Be3 Nxe5 14. Nxe5
Qxe5 15. Bxb6 Qxe1 16. Rfxe1 axb6 17. Nd4 Ke7 18. Re5 Kd6 19. Rae1 Rce8 20. f4
Rhf8 21. g3 Rf6 22. h4 Ra8 23. a3 Rc8 24. Kf2 Rcf8 25. Ke3 Rc8 26. Kd3 Rcf8 27.
Kc2 Ba4+ 28. Kb1 Bd7 29. Ka2 Rc8 30. Kb3 Ra8 31. R1e3 Rc8 32. Re1 Ra8 33. R5e3
Rc8 34. Nf3 h6 35. Re5 Ra8 36. Nd4 Rc8 37. Kc2 Ra8 38. Kd3 Rc8 39. b3 b5 40.
Kc2 Ra8 41. Kb2 Rc8 42. Rd1 Rc5 43. Rd2 Rc8 44. Rd1 Rc5 45. Rd2 Rc8 46. Rde2
Ra8 47. Rd2 1/2-1/2

[Event "7th Calgary International"]
[Site "Calgary"]
[Date "2014.11.11"]
[Round "9.5"]
[White "Booker, Brad"]
[Black "Ng, Gary"]
[Result "1/2-1/2"]
[WhiteElo "2062"]
[BlackElo "2151"]
[PlyCount "71"]
[EventDate "2014.11.06"]
[EventType "tourn"]
[EventRounds "9"]
[EventCountry "CAN"]

1. e4 b6 2. d4 Bb7 3. Nc3 e6 4. Nf3 Bb4 5. Bd3 Nf6 6. Qe2 d5 7. exd5 Nxd5 8.
Bd2 Nxc3 9. bxc3 Be7 10. O-O Nd7 11. c4 O-O 12. c3 Bf6 13. Rab1 Re8 14. Bf4 c5
15. Rfd1 Qe7 16. Ne5 Rad8 17. Ng4 cxd4 18. cxd4 Bxd4 19. Bxh7+ Kxh7 20. Rxd4 e5
21. Qd3+ Kg8 22. Nxe5 Nxe5 23. Bxe5 Rxd4 24. Bxd4 Be4 25. Qg3 Bg6 26. Rf1 Qe2
27. Qc3 f6 28. h3 Rc8 29. Rc1 Qxa2 30. Bxf6 gxf6 31. Qxf6 Kh7 32. Re1 Rc7 33.
Qh4+ Kg7 34. Qd4+ Kh7 35. Qh4+ Kg7 36. Qd4+ 1/2-1/2

[Event "2014 AB Jr. Championship"]
[Site "Edmonton"]
[Date "2014.11.22"]
[Round "1"]
[White "Tolentino, Patrick"]
[Black "Mah, Sean"]
[Result "0-1"]
[WhiteElo "1653"]
[BlackElo "1624"]
[PlyCount "72"]
[EventDate "2014.11.22"]
[EventType "tourn"]
[EventRounds "5"]
[EventCountry "CAN"]

1. e4 c6 2. d4 d5 3. e5 Bf5 4. Nf3 e6 5. Be2 Nd7 6. O-O Ne7 7. b3 a6 8. Bb2 c5
9. dxc5 Nxc5 10. Nd4 Bg6 11. f4 Nf5 12. Nxf5 Bxf5 13. Nd2 Ne4 14. Nxe4 Bxe4 15.
Bd3 Bc5+ 16. Kh1 Bxd3 17. Qxd3 g6 18. Rad1 Qc7 19. g4 Rd8 20. f5 O-O 21. f6 Qc6
22. Rf3 Rd7 23. Rh3 d4+ 24. Kg1 Rfd8 25. b4 Bxb4 26. Rh6 Bc5 27. Re1 Qb5 28.
Bc1 Qxd3 29. cxd3 Rc7 30. Re4 Bf8 31. Bg5 Bxh6 32. Bxh6 Rc3 33. Re1 Rxd3 34.
Rb1 b5 35. a4 bxa4 36. Ra1 a3 0-1

[Event "2014 AB Jr. Championship"]
[Site "Edmonton"]
[Date "2014.11.22"]
[Round "1"]
[White "Wang, Kaixin"]
[Black "Shi, Diwen"]
[Result "0-1"]
[WhiteElo "1751"]
[BlackElo "2230"]
[PlyCount "72"]
[EventDate "2014.11.22"]
[EventType "tourn"]
[EventRounds "5"]
[EventCountry "CAN"]

1. d4 Nf6 2. c4 Nc6 3. Nf3 e6 4. Bg5 h6 5. Bxf6 Qxf6 6. Nc3 Bb4 7. e3 O-O 8.
Bd3 b6 9. O-O Bxc3 10. bxc3 Na5 11. Nd2 Ba6 12. Qe2 Qe7 13. f4 Rae8 14. Rf3 f5
15. Rg3 Qa3 16. Rf1 Qxc3 17. Nb1 Qb4 18. Nd2 Rf7 19. Rb1 Qa4 20. Nf3 d6 21. Rc1
c5 22. dxc5 bxc5 23. e4 Bb7 24. e5 Bxf3 25. gxf3 Rd8 26. Rc2 dxe5 27. fxe5 Nc6
28. Rd2 Nd4 29. Qg2 Qa3 30. h4 f4 31. Rh3 Nc6 32. Qe2 Rfd7 33. Bh7+ Kxh7 34.
Rxd7 Rxd7 35. Qe4+ Kh8 36. Qxf4 Rd1+ 0-1

[Event "2014 AB Jr. Championship"]
[Site "Edmonton"]
[Date "2014.11.22"]
[Round "2"]
[White "Shi, Diwen"]
[Black "Grossmann, Lenard"]
[Result "1-0"]
[WhiteElo "2230"]
[BlackElo "1683"]
[PlyCount "51"]
[EventDate "2014.11.22"]
[EventType "tourn"]
[EventRounds "5"]
[EventCountry "CAN"]

1. e4 c5 2. Nc3 Nc6 3. f4 g6 4. Nf3 Bg7 5. a3 d6 6. Bc4 a6 7. O-O b5 8. Ba2 Nf6
9. d3 O-O 10. Qe1 e6 11. f5 exf5 12. Qh4 Ng4 13. Bg5 Bf6 14. exf5 Bxf5 15. h3
Bxg5 16. Nxg5 Nf6 17. g4 Nd4 18. gxf5 Nxf5 19. Rxf5 gxf5 20. Nd5 h5 21. Nxf6+
Qxf6 22. Qxh5 Qg7 23. Kh1 Rae8 24. Rg1 Re5 25. Nxf7 Rxf7 26. Qxf7+ 1-0

[Event "2014 AB Jr. Championship"]
[Site "Edmonton"]
[Date "2014.11.22"]
[Round "2"]
[White "Wang, Kaixin"]
[Black "Tolentino, Patrick"]
[Result "1-0"]
[WhiteElo "1751"]
[BlackElo "1653"]
[PlyCount "95"]
[EventDate "2014.11.22"]
[EventType "tourn"]
[EventRounds "5"]
[EventCountry "CAN"]

1. e4 d6 2. d4 Nf6 3. Nc3 g6 4. f4 Bg7 5. Nf3 O-O 6. Bc4 Nxe4 7. Bxf7+ Rxf7 8.
Nxe4 Bf5 9. Nf2 Nc6 10. c3 e5 11. O-O e4 12. Ng5 Re7 13. Qb3+ d5 14. Qxb7 Nxd4
15. cxd4 Bxd4 16. Re1 h6 17. Ngh3 Bxh3 18. gxh3 Rb8 19. Qa6 Qd7 20. Qe2 Qxh3
21. Rb1 c5 22. Be3 Bxe3 23. Qxe3 Qc8 24. b3 d4 25. Qg3 Qf5 26. Ng4 Kh7 27. Qh4
Qf8 28. Nxh6 Kg7 29. Ng4 Rbe8 30. Qh6+ Kf7 31. Ne5+ Rxe5 32. Qxf8+ Kxf8 33.
fxe5 Rxe5 34. Rb2 Ke7 35. Rg2 Kf6 36. Rg4 Kf5 37. h3 e3 38. Rf1+ Ke6 39. Rxg6+
Kd5 40. Rg3 d3 41. Rd1 Kd4 42. Rg4+ Re4 43. Rxe4+ Kxe4 44. Kf1 a5 45. Ke1 a4
46. h4 axb3 47. axb3 d2+ 48. Ke2 1-0

[Event "2014 AB Jr. Championship"]
[Site "Edmonton"]
[Date "2014.11.22"]
[Round "3"]
[White "Grossmann, Lenard"]
[Black "Mah, Sean"]
[Result "0-1"]
[WhiteElo "1683"]
[BlackElo "1624"]
[PlyCount "102"]
[EventDate "2014.11.22"]
[EventType "tourn"]
[EventRounds "5"]
[EventCountry "CAN"]

1. e4 c6 2. d4 d5 3. exd5 cxd5 4. c4 e6 5. Nc3 Nf6 6. Nf3 Nc6 7. a3 Be7 8. Bd3
b6 9. O-O Ba6 10. cxd5 Bxd3 11. Qxd3 Nxd5 12. Be3 Bf6 13. Qb5 Qd7 14. Nxd5 Qxd5
15. Qxd5 exd5 16. Rac1 Kd7 17. Rc2 Rac8 18. Rfc1 Rhe8 19. Kf1 Ne7 20. Ne5+ Bxe5
21. dxe5 Rxc2 22. Rxc2 Nc6 23. f4 f6 24. exf6 gxf6 25. Re2 Re4 26. Bd2 f5 27.
g3 Kd6 28. Kf2 Kc5 29. Re3 d4 30. Rf3 Kc4 31. h3 h5 32. b3+ Kc5 33. Rd3 a5 34.
Kf3 a4 35. g4 axb3 36. Rxb3 Na5 37. Bxa5 bxa5 38. gxf5 Re8 39. Rb7 Kc6 40. Rb3
a4 41. Rb4 Kd5 42. Rxa4 Re3+ 43. Kg2 d3 44. Ra5+ Kc4 45. Ra8 d2 46. Rd8 Rd3 47.
Rc8+ Kb3 48. Rb8+ Ka2 49. f6 d1=Q 50. f7 Qc2+ 51. Kf1 Rd1# 0-1

[Event "2014 AB Jr. Championship"]
[Site "Edmonton"]
[Date "2014.11.22"]
[Round "3"]
[White "Tolentino, Patrick"]
[Black "Shi, Diwen"]
[Result "1-0"]
[WhiteElo "1653"]
[BlackElo "2230"]
[PlyCount "57"]
[EventDate "2014.11.22"]
[EventType "tourn"]
[EventRounds "5"]
[EventCountry "CAN"]

1. e4 c5 2. Nc3 Nc6 3. Bb5 Na5 4. d3 a6 5. Ba4 g6 6. f4 Bg7 7. Nf3 b5 8. Bb3 e6
9. O-O Ne7 10. Be3 d6 11. Qe1 Bd7 12. e5 Bc6 13. exd6 Qxd6 14. Ne4 Bxe4 15.
dxe4 Qc7 16. c3 O-O 17. Qh4 Nxb3 18. axb3 Rfd8 19. Rfd1 a5 20. Ne5 f5 21. Nd3
c4 22. bxc4 bxc4 23. Nc5 Kf7 24. Qxh7 Qc6 25. Rxd8 Rxd8 26. Bd4 Rxd4 27. cxd4
Qd6 28. Rd1 Qxf4 29. Qxg7+ 1-0

[Event "2014 AB Jr. Championship"]
[Site "Edmonton"]
[Date "2014.11.23"]
[Round "4"]
[White "Shi, Diwen"]
[Black "Mah, Sean"]
[Result "1-0"]
[WhiteElo "2230"]
[BlackElo "1624"]
[PlyCount "79"]
[EventDate "2014.11.22"]
[EventType "tourn"]
[EventRounds "5"]
[EventCountry "CAN"]

1. e4 c6 2. d4 d5 3. e5 Bf5 4. Nf3 e6 5. Be2 Nd7 6. O-O Be7 7. a4 a6 8. Nbd2 g5
9. Ne1 c5 10. Bd3 Nh6 11. Ndf3 g4 12. Bxh6 gxf3 13. Nxf3 Bg6 14. c3 c4 15. Be2
Qb6 16. Qc1 Rg8 17. a5 Qb5 18. b3 Qc6 19. bxc4 dxc4 20. Kh1 b5 21. Bg5 Bf8 22.
Qe3 Rb8 23. Nd2 Bf5 24. Bf3 Qc7 25. Ne4 Be7 26. Bxe7 Kxe7 27. Nd6 Bd3 28. Rfc1
f6 29. exf6+ Nxf6 30. Ne4 Ng4 31. Bxg4 Rxg4 32. Nc5 Qc6 33. f3 Rg6 34. Nxd3
cxd3 35. Qxd3 Rbg8 36. Rc2 Qc7 37. Qe3 b4 38. Rb1 Rb8 39. d5 Qxa5 40. Qa7+ 1-0

[Event "2014 AB Jr. Championship"]
[Site "Edmonton"]
[Date "2014.11.23"]
[Round "4"]
[White "Wang, Kaixin"]
[Black "Grossmann, Lenard"]
[Result "1-0"]
[WhiteElo "1751"]
[BlackElo "1683"]
[PlyCount "155"]
[EventDate "2014.11.22"]
[EventType "tourn"]
[EventRounds "5"]
[EventCountry "CAN"]

1. d4 Nf6 2. c4 e6 3. Nf3 d5 4. Nc3 b6 5. e3 Bb7 6. Bd3 Bd6 7. O-O O-O 8. b3
Nbd7 9. Bb2 Ne4 10. Qc2 f5 11. Ne2 g5 12. Bxe4 fxe4 13. Ne5 Nxe5 14. dxe5 Bc5
15. Bd4 Bxd4 16. Nxd4 Qd7 17. Rad1 Rae8 18. c5 Ba6 19. Rfe1 Bd3 20. Qc3 b5 21.
b4 c6 22. Rxd3 exd3 23. Qxd3 Rc8 24. f4 gxf4 25. exf4 Qe7 26. Qh3 Rfe8 27. Re3
Qf7 28. Rg3+ Kh8 29. Qh4 Rc7 30. Qh6 a6 31. Ra3 Qg6 32. Qxg6 hxg6 33. Rxa6 Kg7
34. Nxc6 Kf7 35. Nd4 Ree7 36. Nxb5 Rcd7 37. Nd4 Ra7 38. Rb6 Rxa2 39. h4 Rd2 40.
Nf3 Rb2 41. b5 Rb4 42. Ng5+ Ke8 43. Nxe6 d4 44. Rd6 Rxb5 45. c6 Rb1+ 46. Kh2
Rc1 47. c7 Kf7 48. Nxd4 Rexc7 49. Rf6+ Ke7 50. Rxg6 R7c4 51. Nf5+ Kf7 52. Rf6+
Kg8 53. Nh6+ Kg7 54. Nf5+ Kg8 55. h5 Rc7 56. e6 Re1 57. e7 Rcxe7 58. Nxe7+ Rxe7
59. Rg6+ Kh7 60. f5 Re5 61. g4 Re4 62. f6 Rf4 63. Kh3 Kh8 64. Rh6+ Kg8 65. g5
Kf7 66. Rh7+ Kg8 67. Ra7 Kf8 68. h6 Kg8 69. f7+ Rxf7 70. Rxf7 Kxf7 71. Kh4 Kg6
72. Kg4 Kh7 73. Kf5 Kg8 74. Kg6 Kh8 75. Kf7 Kh7 76. g6+ Kxh6 77. g7 Kg5 78.
g8=Q+ 1-0

[Event "2014 AB Jr. Championship"]
[Site "Edmonton"]
[Date "2014.11.23"]
[Round "5"]
[White "Grossmann, Lenard"]
[Black "Tolentino, Patrick"]
[Result "0-1"]
[WhiteElo "1683"]
[BlackElo "1653"]
[PlyCount "60"]
[EventDate "2014.11.22"]
[EventType "tourn"]
[EventRounds "5"]
[EventCountry "CAN"]

1. e4 d6 2. d4 Nf6 3. Nc3 g6 4. Be3 Bg7 5. Qd2 c6 6. O-O-O b5 7. f3 a5 8. g4 h5
9. g5 Nh7 10. Bd3 Nd7 11. Nge2 Qc7 12. Rdf1 b4 13. Nd1 O-O 14. f4 c5 15. c3 Ba6
16. Bc2 a4 17. h4 Bxe2 18. Qxe2 cxd4 19. Bxd4 Bxd4 20. cxd4 b3 21. Nc3 bxc2 22.
Qxc2 Rfc8 23. a3 Nb6 24. Rf2 Nc4 25. Nxa4 Nxa3 26. Qxc7 Rxc7+ 27. Nc3 Nb5 28.
Kd2 Nxc3 29. bxc3 Ra2+ 30. Ke3 Rxc3# 0-1

[Event "2014 AB Jr. Championship"]
[Site "Edmonton"]
[Date "2014.11.23"]
[Round "5"]
[White "Mah, Sean"]
[Black "Wang, Kaixin"]
[Result "0-1"]
[WhiteElo "1624"]
[BlackElo "1751"]
[PlyCount "72"]
[EventDate "2014.11.22"]
[EventType "tourn"]
[EventRounds "5"]
[EventCountry "CAN"]

1. e4 c6 2. d4 d5 3. Nc3 Nf6 4. e5 Nfd7 5. f4 e6 6. Nf3 a6 7. a3 c5 8. Be3 Nc6
9. Bd3 c4 10. Be2 Be7 11. O-O f5 12. Ng5 Bxg5 13. fxg5 O-O 14. b3 cxb3 15. cxb3
Ne7 16. Rc1 b5 17. b4 Nb6 18. a4 bxa4 19. Nxa4 Bd7 20. Nc5 g6 21. Bxa6 Na4 22.
Nxa4 Rxa6 23. Nc5 Rb6 24. Qb3 Nc6 25. Nd3 Na5 26. Qa2 Nc4 27. Bf2 Qxg5 28. Qa7
Bb5 29. Rxc4 Ra6 30. Qc7 Bxc4 31. Bh4 Qxh4 32. Nc5 Qxd4+ 33. Kh1 Bxf1 34. Nd7
Bxg2+ 35. Kxg2 Ra2+ 36. Kg3 Qg4# 0-1

[Event "2014 AB Jr. Open"]
[Site "Edmonton"]
[Date "2014.11.22"]
[Round "1.1"]
[White "Shrestha, Prayus"]
[Black "Tolentino, Andre"]
[Result "0-1"]
[WhiteElo "1415"]
[BlackElo "1625"]
[PlyCount "56"]
[EventDate "2014.11.22"]
[EventType "swiss"]
[EventRounds "5"]
[EventCountry "CAN"]

1. Nf3 e6 2. d4 f5 3. e3 Nf6 4. Nbd2 Be7 5. Bd3 O-O 6. b3 b6 7. Bb2 Bb7 8. O-O
Ne4 9. Ne5 Nxd2 10. Qxd2 Nc6 11. f4 Rf6 12. Nxc6 dxc6 13. e4 c5 14. d5 fxe4 15.
Bxe4 exd5 16. Bf3 Rg6 17. c4 c6 18. Rad1 d4 19. Be4 Rh6 20. Qd3 Bd6 21. Bc1 Qh4
22. h3 Rf8 23. f5 Rhf6 24. Rf3 Re8 25. Rdf1 Qxe4 26. Qxe4 Rxe4 27. Bg5 Rf7 28.
f6 Re6 0-1

[Event "2014 AB Jr. Open"]
[Site "Edmonton"]
[Date "2014.11.22"]
[Round "1.2"]
[White "Yao, David"]
[Black "Chitrakar, Siddhartha"]
[Result "1/2-1/2"]
[WhiteElo "1586"]
[BlackElo "1403"]
[PlyCount "41"]
[EventDate "2014.11.22"]
[EventType "swiss"]
[EventRounds "5"]
[EventCountry "CAN"]

1. d4 d5 2. Nf3 Nf6 3. g3 e6 4. Bg2 c5 5. c3 Nc6 6. O-O Be7 7. Bg5 O-O 8. Nbd2
cxd4 9. cxd4 h6 10. Bxf6 Bxf6 11. e3 b6 12. Rc1 Bb7 13. Qe2 Nb4 14. Qb5 Be7 15.
Qa4 Rc8 16. Qxa7 Ba6 17. Rfd1 Ra8 18. Qc7 Nxa2 19. Rc6 Bb5 20. Qxd8 Bxd8 21.
Rc2 1/2-1/2

[Event "2014 AB Jr. Open"]
[Site "Edmonton"]
[Date "2014.11.22"]
[Round "1.3"]
[White "Lau, Julian"]
[Black "Koneru, Nimai"]
[Result "1/2-1/2"]
[WhiteElo "1336"]
[BlackElo "1547"]
[PlyCount "65"]
[EventDate "2014.11.22"]
[EventType "swiss"]
[EventRounds "5"]
[EventCountry "CAN"]

1. e4 c5 2. Nf3 d6 3. d4 cxd4 4. Nxd4 Nf6 5. Nc3 g6 6. f3 Bg7 7. Be3 O-O 8. Qd2
Nc6 9. O-O-O d5 10. Kb1 e6 11. h4 h5 12. Be2 Bd7 13. Bg5 Qb6 14. Nb3 d4 15. Na4
Qc7 16. Nac5 b6 17. Nxd7 Qxd7 18. Bb5 e5 19. c3 Rfd8 20. cxd4 exd4 21. e5 Qf5+
22. Ka1 Nxe5 23. Nxd4 Qc8 24. Rhe1 Nc4 25. Qc3 Na5 26. Nc6 Nxc6 27. Bxc6 Rxd1+
28. Rxd1 Nh7 29. Qc2 Nxg5 30. hxg5 Rb8 31. Re1 Qc7 32. Ba4 Qxc2 33. Bxc2
1/2-1/2

[Event "2014 AB Jr. Open"]
[Site "Edmonton"]
[Date "2014.11.22"]
[Round "2.1"]
[White "Tolentino, Andre"]
[Black "Superceanu, Andi"]
[Result "1-0"]
[WhiteElo "1625"]
[BlackElo "1268"]
[PlyCount "107"]
[EventDate "2014.11.22"]
[EventType "swiss"]
[EventRounds "5"]
[EventCountry "CAN"]

1. e4 c5 2. Nc3 d6 3. f4 Nc6 4. Bb5 Bd7 5. Nf3 g6 6. O-O Bg7 7. d3 a6 8. Bxc6
Bxc6 9. Bd2 Nf6 10. Qe1 Nd7 11. Qh4 e6 12. Qg3 O-O 13. f5 exf5 14. exf5 Bxf3
15. Rxf3 Nf6 16. fxg6 fxg6 17. Bg5 Qd7 18. Raf1 Nh5 19. Qh4 Bd4+ 20. Kh1 Rxf3
21. Rxf3 Ng7 22. Nd5 Nf5 23. Rxf5 gxf5 24. Qxd4 cxd4 25. Nf6+ Kf7 26. Nxd7 Rc8
27. Bf6 Rxc2 28. Bxd4 Rc1+ 29. Bg1 Rd1 30. d4 Ra1 31. a3 Ke7 32. Nb6 Ke6 33. g3
d5 34. Kg2 Kd6 35. Be3 Re1 36. Kf3 Rf1+ 37. Ke2 Rh1 38. h4 Rh2+ 39. Bf2 Rh1 40.
Kf3 Rf1 41. Ke2 Rc1 42. Kd2 Rc7 43. Be3 Kc6 44. Na4 b6 45. Bf4 Re7 46. Be5 Re8
47. Ke3 Kb5 48. b3 Kc6 49. Kf4 b5 50. Nc5 a5 51. Kxf5 h6 52. Kg6 Rxe5 53. dxe5
Kxc5 54. e6 1-0

[Event "2014 AB Jr. Open"]
[Site "Edmonton"]
[Date "2014.11.22"]
[Round "2.2"]
[White "Koneru, Nimai"]
[Black "Yao, David"]
[Result "1/2-1/2"]
[WhiteElo "1547"]
[BlackElo "1586"]
[PlyCount "70"]
[EventDate "2014.11.22"]
[EventType "swiss"]
[EventRounds "5"]
[EventCountry "CAN"]

1. d4 d5 2. Bf4 Nf6 3. e3 g6 4. c4 c6 5. Nc3 Bg7 6. Nf3 Nh5 7. Bg5 Nf6 8. Bd3
Bg4 9. h3 Bxf3 10. Qxf3 e6 11. O-O Nbd7 12. c5 O-O 13. b4 e5 14. dxe5 Nxe5 15.
Qe2 Nxd3 16. Qxd3 Qc7 17. Bf4 Qd7 18. Rac1 Rfe8 19. Rfe1 b6 20. e4 dxe4 21.
Qxd7 Nxd7 22. Nxe4 Ne5 23. Nd6 Re6 24. Rcd1 Rd8 25. Nc4 Rde8 26. Nxe5 Bxe5 27.
Bxe5 Rxe5 28. Rxe5 Rxe5 29. cxb6 axb6 30. Rd6 Re1+ 31. Kh2 Rb1 32. a3 Rc1 33.
b5 cxb5 34. Rxb6 Rb1 35. a4 b4 1/2-1/2

[Event "2014 AB Jr. Open"]
[Site "Edmonton"]
[Date "2014.11.22"]
[Round "2.3"]
[White "Chitrakar, Siddhartha"]
[Black "Lau, Julian"]
[Result "1-0"]
[WhiteElo "1403"]
[BlackElo "1336"]
[PlyCount "109"]
[EventDate "2014.11.22"]
[EventType "swiss"]
[EventRounds "5"]
[EventCountry "CAN"]

1. d4 Nf6 2. c4 c6 3. Nf3 d5 4. e3 Bg4 5. Nc3 g6 6. h3 Bf5 7. cxd5 cxd5 8. Qb3
b6 9. Bb5+ Nbd7 10. Nxd5 Be6 11. Nxf6+ exf6 12. Qd1 a6 13. Bxd7+ Qxd7 14. O-O
Bg7 15. b3 O-O 16. Bb2 f5 17. Rc1 Qd5 18. Re1 Bc8 19. Qd3 Bb7 20. Rc7 Be5 21.
Rcc1 g5 22. Red1 Rad8 23. Qc4 Qxc4 24. Rxc4 Bxf3 25. gxf3 h5 26. Kh1 g4 27.
hxg4 hxg4 28. fxg4 fxg4 29. Rg1 b5 30. Rxg4+ Kh7 31. Rc6 f5 32. Rh4+ Kg7 33.
dxe5 Rd1+ 34. Kg2 Rd2 35. e6+ Rxb2 36. Rc7+ Kg6 37. e7 Re8 38. Rd7 Kg7 39. Rh5
f4 40. exf4 Re2 41. Re5 Rxe5 42. fxe5 Kf7 43. f4 Ke6 44. Ra7 Kf5 45. Kf3 Rc8
46. e8=Q Rxe8 47. Rxa6 Rf8 48. a4 bxa4 49. bxa4 Rf7 50. Rb6 Rf8 51. a5 Rf7 52.
a6 Rf8 53. a7 Rf7 54. a8=Q Ra7 55. Qe4# 1-0

[Event "2014 AB Jr. Open"]
[Site "Edmonton"]
[Date "2014.11.22"]
[Round "3.1"]
[White "Chitrakar, Siddhartha"]
[Black "Tolentino, Andre"]
[Result "1/2-1/2"]
[WhiteElo "1403"]
[BlackElo "1625"]
[PlyCount "45"]
[EventDate "2014.11.22"]
[EventType "swiss"]
[EventRounds "5"]
[EventCountry "CAN"]

1. d4 Nf6 2. c4 g6 3. Nc3 Bg7 4. Nf3 O-O 5. Bf4 d6 6. e3 Nbd7 7. Bd3 Re8 8. Bg3
e5 9. dxe5 Nxe5 10. Nxe5 dxe5 11. O-O c6 12. Bc2 Be6 13. Bb3 Bf5 14. Rc1 Qe7
15. h3 Rad8 16. Qf3 Rd2 17. e4 Red8 18. Qe3 R8d3 19. Qe1 Bc8 20. Rc2 Rxc2 21.
Bxc2 Rd8 22. Qe3 a6 23. Rd1 1/2-1/2

[Event "2014 AB Jr. Open"]
[Site "Edmonton"]
[Date "2014.11.22"]
[Round "3.2"]
[White "Yao, David"]
[Black "Shrestha, Prayus"]
[Result "1-0"]
[WhiteElo "1586"]
[BlackElo "1415"]
[PlyCount "21"]
[EventDate "2014.11.22"]
[EventType "swiss"]
[EventRounds "5"]
[EventCountry "CAN"]

1. d4 d5 2. Nf3 Bf5 3. Bf4 c5 4. c3 Nc6 5. Nbd2 Qb6 6. Qb3 Qxb3 7. Nxb3 cxd4 8.
Nbxd4 Nxd4 9. Nxd4 f6 10. Nxf5 e5 11. Bd2 1-0

[Event "2014 AB Jr. Open"]
[Site "Edmonton"]
[Date "2014.11.22"]
[Round "3.3"]
[White "Superceanu, Andi"]
[Black "Koneru, Nimai"]
[Result "0-1"]
[WhiteElo "1268"]
[BlackElo "1547"]
[PlyCount "80"]
[EventDate "2014.11.22"]
[EventType "swiss"]
[EventRounds "5"]
[EventCountry "CAN"]

1. e4 c5 2. Nf3 d6 3. d4 cxd4 4. Nxd4 Nf6 5. Nc3 g6 6. f3 Bg7 7. Be3 O-O 8. Bc4
Nc6 9. Nb3 Bd7 10. Qd2 Rc8 11. O-O-O Nb4 12. Be2 Nc6 13. a3 Ne5 14. h3 a6 15.
f4 Nc4 16. Bxc4 Rxc4 17. Qd3 b5 18. Nd2 Rc8 19. Nb3 Qc7 20. e5 dxe5 21. fxe5
Qxe5 22. Bd4 Qf4+ 23. Kb1 Bf5 24. Qd2 Qxd2 25. Rxd2 Ne4 26. Nxe4 Bxe4 27. Bxg7
Kxg7 28. Re1 f5 29. Kc1 Rfe8 30. Rde2 e5 31. c3 Bd5 32. Na1 e4 33. Nc2 Bc4 34.
Rd2 Rcd8 35. Nd4 Rc8 36. Nc2 Red8 37. g3 Rxd2 38. Kxd2 Rd8+ 39. Ke3 Rd3+ 40.
Kf4 Kf6 0-1

[Event "2014 AB Jr. Open"]
[Site "Edmonton"]
[Date "2014.11.23"]
[Round "4.1"]
[White "Tolentino, Andre"]
[Black "Yao, David"]
[Result "1-0"]
[WhiteElo "1625"]
[BlackElo "1586"]
[PlyCount "85"]
[EventDate "2014.11.22"]
[EventType "swiss"]
[EventRounds "5"]
[EventCountry "CAN"]

1. e4 e6 2. d4 d5 3. Nc3 Bb4 4. e5 Ne7 5. Bd2 Nd7 6. Nb5 Bxd2+ 7. Qxd2 a6 8.
Na3 Nb6 9. f4 Nf5 10. Nf3 Bd7 11. Bd3 Qe7 12. c3 Nh4 13. O-O Nxf3+ 14. Rxf3 h5
15. Raf1 g6 16. Kh1 Bc6 17. Rh3 O-O-O 18. Nc2 Rdg8 19. Nb4 Qd7 20. Nc2 Bb5 21.
Ne3 Bxd3 22. Qxd3 Qa4 23. Ra1 Qc6 24. b3 Nd7 25. c4 g5 26. fxg5 Rxg5 27. Rf1
dxc4 28. bxc4 Rhg8 29. Qe2 Qe4 30. Qf3 Qxd4 31. Rb1 c6 32. Qxf7 Qxe5 33. Rd1
Qg7 34. Rxd7 Qa1+ 35. Rd1 Qxa2 36. Qxe6+ Kb8 37. Qd6+ Ka8 38. Qd2 Qa4 39. Rb1
c5 40. Rg3 Rxg3 41. hxg3 Rxg3 42. Qd8+ Ka7 43. Qb6+ 1-0

[Event "2014 AB Jr. Open"]
[Site "Edmonton"]
[Date "2014.11.23"]
[Round "4.2"]
[White "Koneru, Nimai"]
[Black "Shrestha, Prayus"]
[Result "1-0"]
[WhiteElo "1547"]
[BlackElo "1415"]
[PlyCount "61"]
[EventDate "2014.11.22"]
[EventType "swiss"]
[EventRounds "5"]
[EventCountry "CAN"]

1. d4 d5 2. Bf4 c5 3. e3 Nc6 4. Nf3 Bg4 5. h3 Bh5 6. c3 Nf6 7. Nbd2 e6 8. Be2
Be7 9. O-O O-O 10. Ne5 Bxe2 11. Qxe2 Qb6 12. Ndf3 Ne4 13. Nd7 Qa5 14. Nxf8 Rxf8
15. Nd2 Nxd2 16. Qxd2 g5 17. Bh2 cxd4 18. exd4 Bf6 19. Rfd1 h6 20. Qc2 Qa6 21.
Qb3 Bg7 22. a4 b6 23. Qb5 Qb7 24. a5 a6 25. Qxb6 Qxb6 26. axb6 a5 27. b7 f5 28.
b4 e5 29. dxe5 Bxe5 30. Bxe5 Nxe5 31. bxa5 1-0

[Event "2014 AB Jr. Open"]
[Site "Edmonton"]
[Date "2014.11.23"]
[Round "4.3"]
[White "Lau, Julian"]
[Black "Superceanu, Andi"]
[Result "1-0"]
[WhiteElo "1336"]
[BlackElo "1268"]
[PlyCount "57"]
[EventDate "2014.11.22"]
[EventType "swiss"]
[EventRounds "5"]
[EventCountry "CAN"]

1. e4 e5 2. f4 d6 3. Bc4 Nf6 4. fxe5 dxe5 5. b3 Nc6 6. Bb2 Bc5 7. Nc3 O-O 8. d3
Bg4 9. Qd2 a6 10. h3 Bh5 11. g4 Bg6 12. O-O-O Na5 13. Bd5 Nc6 14. Nge2 Nxd5 15.
Nxd5 f6 16. Ng3 Bf7 17. Ne3 Ne7 18. Rdg1 Bg6 19. h4 c6 20. h5 Bf7 21. h6 g6 22.
g5 Nc8 23. Rf1 Be7 24. Qf2 Be6 25. Nh5 fxg5 26. Qh2 Rxf1+ 27. Rxf1 gxh5 28.
Qxe5 Bf6 29. Rxf6 1-0

[Event "2014 AB Jr. Open"]
[Site "Edmonton"]
[Date "2014.11.23"]
[Round "5.1"]
[White "Koneru, Nimai"]
[Black "Tolentino, Andre"]
[Result "0-1"]
[WhiteElo "1547"]
[BlackElo "1625"]
[PlyCount "48"]
[EventDate "2014.11.22"]
[EventType "swiss"]
[EventRounds "5"]
[EventCountry "CAN"]

1. d4 e6 2. Bf4 f5 3. e3 Nf6 4. Nf3 Be7 5. c4 O-O 6. Bd3 b6 7. O-O Bb7 8. Nbd2
Nc6 9. a3 Rc8 10. b4 Qe8 11. h3 Nd8 12. Qa4 Qg6 13. Qd1 Nh5 14. Bh2 Nf7 15. Qa4
Ng5 16. Nxg5 Qxg5 17. g3 f4 18. Ne4 Bxe4 19. Bxe4 fxg3 20. Bxg3 Nxg3 21. fxg3
Qxg3+ 22. Bg2 Bd6 23. Rf4 Qxe3+ 24. Kh1 Qxf4 0-1